| 000 | 00690 a2200241 4500 | ||
|---|---|---|---|
| 003 | CBULib | ||
| 005 | 20250116133237.0 | ||
| 008 | 250116b |||||||| |||| 00| 0 eng d | ||
| 020 | _a9780300265934 | ||
| 040 |
_bEnglish _cCBULib _erda |
||
| 050 | _aPQ2673.O3 C4313 | ||
| 100 | _aModiano, Patrick | ||
| 245 |
_aScene of the crime _c/ by Patrick Modiano |
||
| 260 |
_bYale University Press, _c2023 _aNew Haven : |
||
| 300 | _a157 pages | ||
| 336 |
_2rdacontent _aText | _btxt |
||
| 337 |
_2rdamedia _aUnmediated | _bn |
||
| 338 |
_2rdacarrier _aVolume _bnc |
||
| 650 | 0 |
_94235 _aFICTION AUTHORSHIP |
|
| 650 | 0 |
_94236 _aFRANCE FICTION |
|
| 650 | 0 |
_94238 _aMEMORY FICTION |
|
| 942 |
_2lcc _c002 |
||
| 999 |
_c85880 _d85880 |
||